Boyhood of the first of the world's student-author in british india
Saved in:
| Hovedforfatter: | |
|---|---|
| Format: | Bog |
| Sprog: | engelsk |
| Udgivet: |
Dakar
International Publications
1996
|
| Udgivelse: | 2a. ed |
| Fag: | |
| Tags: |
Tilføj Tag
Ingen Tags, Vær først til at tagge denne postø!
|
MARC
| LEADER | 00000nam a2200000 a 4500 | ||
|---|---|---|---|
| 001 | UCO6275 | ||
| 003 | CL-VaPUC | ||
| 008 | 001020e19960000sg |||||||||||||||||eng|d | ||
| 082 | 0 | 4 | |a 923.2 |b SIR |2 21 |
| 100 | 0 | |a Sircar, Muhammad Ali |e author |9 354616 | |
| 245 | 1 | 0 | |a Boyhood of the first of the world's student-author in british india |
| 250 | |a 2a. ed | ||
| 300 | |a 35 p | ||
| 942 | |c BK | ||
| 945 | |d 20001020 00:00:00 |a rbrito | ||
| 260 | |a Dakar |b International Publications |c 1996 | ||
| 650 | 7 | |a HISTORIA HINDU |2 CL-VaPUC |9 451005 | |
| 650 | 0 | |a Biografías |9 255210 | |
| 651 | 0 | |a India |9 267804 | |
| 583 | |a last modification |c 20171115 10:31:01 |k Rodrigo Vera | ||
| 999 | |c 291922 |d 291920 | ||
| 952 | |0 0 |1 0 |4 0 |6 923_200000000000000_SIR_1996 |7 0 |8 A |9 342242 |a BIBEDU |b BIBEDU |d 2019-11-20 |i 3632040 |o 923.2 SIR 1996 |p 3632040 |r 2019-11-20 |w 2019-11-20 |y BK |k LIT | ||